[Event "GER-ch U10"]
[Site "Oberhof"]
[Date "2011.06.17"]
[Round "10"]
[White "Lohrmann, Tabea"]
[Black "Ackermann, Constantin"]
[Result "1-0"]
[WhiteElo "1039"]
[BlackElo "1103"]
[PlyCount "37"]
[EventDate "2011.06.11"]
[EventType "swiss"]
[EventRounds "11"]
[EventCountry "GER"]
[SourceTitle "CBM 142 Extra"]
[Source "ChessBase"]
[SourceDate "2011.06.27"]
[SourceVersion "1"]
[SourceVersionDate "2011.06.27"]
[SourceQuality "1"]

1. e4 e5 2. Nf3 Nc6 3. Bc4 Bc5 4. c3 Nf6 5. d4 exd4 6. cxd4 Bb6 7. d5 Ne7 8. e5 Ng4 9. 0-0 d6 10. e6 fxe6 11. dxe6 d5 12. Ng5 Nh6 13. Bd3 g6 14. Qf3 Rf8 15. Qh3 Neg8 16. Nxh7 Rxf2 17. Rxf2 Qe7 18. Bxg6+ Kd8 19. Bg5 1-0

[Event "GER-ch U10"]
[Site "Oberhof"]
[Date "2011.06.17"]
[Round "9"]
[White "Maass, Timo"]
[Black "Ackermann, Constantin"]
[Result "1/2-1/2"]
[WhiteElo "882"]
[BlackElo "1103"]
[PlyCount "61"]
[EventDate "2011.06.11"]
[EventType "swiss"]
[EventRounds "11"]
[EventCountry "GER"]
[SourceTitle "CBM 142 Extra"]
[Source "ChessBase"]
[SourceDate "2011.06.27"]
[SourceVersion "1"]
[SourceVersionDate "2011.06.27"]
[SourceQuality "1"]

1. d4 d5 2. c4 e6 3. Nc3 c5 4. Nf3 Nc6 5. Bg5 Be7 6. Bxe7 Ngxe7 7. e3 Qd6 8. Bd3 e5 9. Nb5 Qd8 10. Nxe5 Nxe5 11. dxe5 0-0 12. 0-0 a6 13. Nc3 Qb6 14. Qc2 Qh6 15. Nxd5 Nxd5 16. cxd5 g6 17. Qxc5 Qg5 18. Kh1 Qxe5 19. Qd4 Qxd4 20. exd4 Rd8 21. Be4 Bf5 22. Bxf5 gxf5 23. Rfd1 Rxd5 24. Rd3 Re8 25. Rd2 Kg7 26. g3 Kg6 27. Kg2 Kg5 28. Kf3 h5 29. h4+ Kg6 30. Rc1 Re7 31. Rc5 1/2-1/2

[Event "GER-ch U10"]
[Site "Oberhof"]
[Date "2011.06.15"]
[Round "7"]
[White "Ackermann, Constantin"]
[Black "Reuker, Jari"]
[Result "0-1"]
[WhiteElo "1103"]
[BlackElo "1647"]
[PlyCount "74"]
[EventDate "2011.06.11"]
[EventType "swiss"]
[EventRounds "11"]
[EventCountry "GER"]
[SourceTitle "CBM 142 Extra"]
[Source "ChessBase"]
[SourceDate "2011.06.27"]
[SourceVersion "1"]
[SourceVersionDate "2011.06.27"]
[SourceQuality "1"]

1. e4 c5 2. Bc4 e6 3. Qe2 a6 4. c3 Qc7 5. d3 b5 6. Bb3 Bb7 7. Nd2 d6 8. Ngf3 Nd7 9. 0-0 Be7 10. Re1 Ngf6 11. Nf1 0-0 12. Ng3 Rfe8 13. Bc2 Rac8 14. Bd2 Bf8 15. Qd1 Nb6 16. b3 d5 17. Rc1 Red8 18. d4 cxd4 19. cxd4 Ba3 20. Rb1 Qxc2 21. Qxc2 Rxc2 22. Ba5 Nfd7 23. Ne5 Rdc8 24. exd5 Bxd5 25. Ne2 h6 26. Nf4 Bb7 27. h3 Rxa2 28. Red1 Be4 29. Ra1 Rxa1 30. Rxa1 Rc1+ 31. Rxc1 Bxc1 32. Ne2 Bb2 33. f3 Bd5 34. Kf2 Bxb3 35. Ke3 Nd5+ 36. Ke4 Bc2+ 37. Nd3 f5# 0-1

[Event "GER-ch U10"]
[Site "Oberhof"]
[Date "2011.06.14"]
[Round "5"]
[White "Ackermann, Constantin"]
[Black "Ott, Josef Sebastian"]
[Result "1-0"]
[WhiteElo "1103"]
[BlackElo "1327"]
[PlyCount "77"]
[EventDate "2011.06.11"]
[EventType "swiss"]
[EventRounds "11"]
[EventCountry "GER"]
[SourceTitle "CBM 142 Extra"]
[Source "ChessBase"]
[SourceDate "2011.06.27"]
[SourceVersion "1"]
[SourceVersionDate "2011.06.27"]
[SourceQuality "1"]

1. e4 e6 2. d4 d5 3. exd5 exd5 4. c4 c6 5. Nc3 Bd6 6. a3 Ne7 7. Nf3 Bf5 8. Be2 Nd7 9. 0-0 Qc7 10. Re1 0-0 11. Bd3 Nf6 12. c5 Bxd3 13. Qxd3 Bxc5 14. dxc5 Ng6 15. g3 Rac8 16. Bd2 Rfe8 17. Qd4 Ne4 18. Qb4 a5 19. Qb3 Nxc5 20. Qc2 d4 21. Rxe8+ Rxe8 22. Nxd4 Qd7 23. Nf3 Qg4 24. Kg2 h5 25. h3 Qd7 26. Re1 Rd8 27. Rd1 Qe7 28. Bg5 f6 29. Rxd8+ Qxd8 30. Qxg6 fxg5 31. Nxg5 Nd3 32. Nce4 h4 33. Qh7+ Kf8 34. Ne6+ Ke7 35. Nxd8 Kxd8 36. Qxh4+ Kc7 37. Qe7+ Kc8 38. Nd6+ Kb8 39. Qxb7# 1-0

[Event "GER-ch U10"]
[Site "Oberhof"]
[Date "2011.06.13"]
[Round "3"]
[White "Ackermann, Constantin"]
[Black "Tong, Kevin"]
[Result "1/2-1/2"]
[WhiteElo "1103"]
[BlackElo "1345"]
[PlyCount "74"]
[EventDate "2011.06.11"]
[EventType "swiss"]
[EventRounds "11"]
[EventCountry "GER"]
[SourceTitle "CBM 142 Extra"]
[Source "ChessBase"]
[SourceDate "2011.06.27"]
[SourceVersion "1"]
[SourceVersionDate "2011.06.27"]
[SourceQuality "1"]

1. e4 c5 2. Bc4 d6 3. Nf3 Nc6 4. c3 Nf6 5. d3 g6 6. 0-0 Bg7 7. Nbd2 0-0 8. Re1 Bg4 9. Nf1 Ne5 10. N1d2 a6 11. d4 Bxf3 12. Nxf3 Nxc4 13. Qe2 Nb6 14. Rd1 Qc7 15. e5 dxe5 16. dxe5 Nfd7 17. e6 Nf6 18. Ng5 Qc8 19. exf7+ Rxf7 20. Nxf7 Kxf7 21. Bf4 Qg4 22. Qxg4 Nxg4 23. h3 Ne5 24. Bxe5 Bxe5 25. Re1 Bd6 26. Rab1 a5 27. b3 Nd5 28. Rec1 Be5 29. c4 Nb4 30. a3 Nc6 31. Rd1 Bd6 32. g3 Kg7 33. Kg2 Rf8 34. h4 Rf7 35. f4 Rf8 36. Rh1 Rf5 37. Kf3 h5 1/2-1/2

[Event "GER-ch U10"]
[Site "Oberhof"]
[Date "2011.06.12"]
[Round "2"]
[White "Wastian, Mareike"]
[Black "Ackermann, Constantin"]
[Result "0-1"]
[WhiteElo "932"]
[BlackElo "1103"]
[PlyCount "98"]
[EventDate "2011.06.11"]
[EventType "swiss"]
[EventRounds "11"]
[EventCountry "GER"]
[SourceTitle "CBM 142 Extra"]
[Source "ChessBase"]
[SourceDate "2011.06.27"]
[SourceVersion "1"]
[SourceVersionDate "2011.06.27"]
[SourceQuality "1"]

1. e4 e5 2. Nf3 Nc6 3. Bb5 a6 4. Bxc6 dxc6 5. Nc3 Bd6 6. 0-0 Qf6 7. d4 exd4 8. Qxd4 Qxd4 9. Nxd4 Nf6 10. Nf3 0-0 11. e5 Bxe5 12. Nxe5 Re8 13. Nf3 Bf5 14. Nd4 Bg6 15. Bg5 Ne4 16. Nxe4 Rxe4 17. Nf3 Re2 18. Rad1 Rxc2 19. Bd8 Rxb2 20. Bxc7 Rxa2 21. Rd7 a5 22. Rfd1 h6 23. h3 a4 24. Rd8+ Rxd8 25. Rxd8+ Kh7 26. Ra8 b5 27. Nd4 b4 28. Nxc6 b3 29. Rb8 b2 30. Be5 Ra1+ 31. Kh2 b1Q 32. Bxa1 Qxa1 33. Ra8 a3 34. Nb4 Qb2 35. Nd5 a2 36. Ne3 a1Q 37. Rxa1 Qxa1 38. Kg3 Qe5+ 39. Kf3 f5 40. g4 fxg4+ 41. hxg4 Be4+ 42. Ke2 Qb2+ 43. Kf1 Bf3 44. Kg1 g6 45. Kh2 Qxf2+ 46. Kh3 Qxe3 47. Kh4 Qg5+ 48. Kh3 Qxg4+ 49. Kh2 Qg2# 0-1